01310cim a2200337 a 45000010008000000030004000080050017000120070014000290080041000430100017000840200015001010240018001160280022001340400013001560500013001690820020001821000021002022450061002232600041002843000015003253060011003404400028003515000027003795200297004066500031007036500038007349060045007729420012008179990019008299520124008485667877OSt20180116183027.0ssulunjlcnnnu921028s1991 caunnn f eng  a 92789281  a15580038273 a978155800382802a41450bDove Audio aDLCcDLC00aRZA 0817 a813.54 SHE 19921 aSheldon, Sidney.14aThe Doomsday Conspiracycauthor, reader, Sidney Sheldon. aBeverly Hills, CA :bFontanacp1991. a445 p.bPB a030000 aThe Doomsday Conspiracy aIn container (18 cm.). aAn abridgment of the novel about a United States Navy commander who is assigned by the National Security Agency to investigate the crash of a weather balloon near an isolated Swiss village and discovers the accident actually involved an unidentified flying object containing two alien bodies. 0aNaviesxOfficersvFiction. 0aExtraterrestrial beingsvFiction. a7bcbccorignewd2encipf19gy-genmusic 2ddccBK c350870d350870 00102ddc40708FICaCLbCLcFICd2015-12-16l3m4o813.54 SHE 1992pNBSD-2355r2023-06-08s2020-02-26w2015-12-16yBK